Document management for hypermedia design

Salvato in:
Dettagli Bibliografici
Autori principali: Kommers, Piet A.M (Autore), Ferreira, Alcindo F. (Autore), Kwak, Alex W. (Autore)
Natura: Libro
Lingua:inglese
Pubblicazione: Berlin : Springer Verlag, 1998
Soggetti:
Tags: Aggiungi Tag
Nessun Tag, puoi essere il primo ad aggiungerne!!

MARC

LEADER 00000nam a22000003a 4500
001 stu49032
005 20150617225712.5
008 990128s1998----gw------------------eng-d
020 |a 3-540-59483-3 
040 |a STU  |b slo 
041 0 |a eng 
044 |a gw 
080 |a 681.32.016 
080 |a 683.5 
080 |a 681.322.06 
084 |a C6130M  |2 INS 
100 1 |a Kommers, Piet A.M.  |4 aut 
245 1 |a Document management for hypermedia design 
260 |a Berlin :  |b Springer Verlag,  |c 1998 
300 |a 286 s 
650 7 |a hypertexty  |2 stusub 
650 7 |a hypermédiá  |2 stusub 
650 7 |a interaktívne multimédiá  |2 stusub 
700 1 |a Ferreira, Alcindo F.  |4 aut 
700 1 |a Kwak, Alex W.  |4 aut 
996 |b 284EK83143  |c E*83143  |l EELSDV  |s P  |a 0  |w stu49032_0001 
996 |c I*11I5211  |l II680  |s A  |a 24  |w stu49032_0002